| 000 | 00918nam a2200217 a 4500 | ||
|---|---|---|---|
| 001 | 001002282 | ||
| 003 | AM-YEHGA | ||
| 005 | 20260204110600.0 | ||
| 008 | 140213s1925 ru r 000 0 rus d | ||
| 040 | _aAM-YEHGA | ||
| 041 | 0 | _arus | |
| 100 | 1 |
_aКончаловский, Дмитрий Петрович, _d1878-1952 |
|
| 245 | 1 | 0 |
_aЭкономическая история Рима в ее источниках / _cД. П. Кончаловский. |
| 260 |
_aМосква ; _aЛенинград : _bГосиздат, _c1925. |
||
| 300 |
_a118 с. ; _c24 см. |
||
| 490 | 0 | _aИстория в источниках. Пособия для практич. занятий | |
| 504 | _aБиблиогр. : с. 112-113 | ||
| 650 | 1 | 4 | _aЭкономическая история Рима |
| 830 | 0 | _aИстория в источниках. Пособия для практич. занятий | |
| 942 |
_2udc _cBK |
||
| 999 |
_c331570 _d331570 |
||